ALL CLASH ROYALE EVOLUTIONS (May 2025) - Statistics

General Stats
  • This quiz has been taken 338 times
  • The average score is 29 of 32
Answer Stats
Picture Answer % Correct
Ice spirit
99%
Bomber
98%
Skeletons
98%
Zap
98%
Bats
97%
Cannon
96%
Knight
96%
Archers
95%
Firecracker
95%
Tesla
95%
Barbarians
94%
Mortar
93%
Royal giant
93%
dart goblin
91%
Goblin cage
91%
Musketeer
91%
Valkyrie
91%
Wizard
91%
Giant snowball
90%
Hunter
90%
Witch
90%
Goblin barrel
89%
Goblin drill
88%
PEKKA
88%
Royal recruits
88%
Goblin giant
87%
Lumberjack
87%
Mega knight
87%
Battle ram
86%
Electro dragon
86%
Executioner
86%
Wall breakers
86%
No matching quizzes found
Score Distribution
Percent of People with Each Score
Percentile by Number Answered
Your Score History
You have not taken this quiz